[Event "EU Amateur-ch"]
[Site "Ruzomberok"]
[Date "2016.06.12"]
[Round "9"]
[White "Milan, Lukas"]
[Black "Kluka, Vojtech"]
[Result "0-1"]
[WhiteElo "1448"]
[BlackElo "1676"]
[PlyCount "66"]
[EventDate "2016.06.06"]
[EventType "swiss"]
[EventRounds "9"]
[EventCountry "SVK"]
[SourceTitle "CBM 172 Extra"]
[Source "ChessBase"]
[SourceDate "2016.06.21"]
[SourceVersion "1"]
[SourceVersionDate "2016.06.21"]
[SourceQuality "1"]

1. d4 d5 2. e3 e6 3. Nf3 c5 4. c4 cxd4 5. Nxd4 Nf6 6. Nc3 Nc6 7. cxd5 Nxd5 8. Nxc6 bxc6 9. Bd2 Be7 10. Qg4 0-0 11. Rd1 f5 12. Qc4 Bd7 13. g3 Rb8 14. Nxd5 cxd5 15. Qc2 Qb6 16. b3 Rbc8 17. Qb1 e5 18. Bh3 Qb5 19. Bf1 Qb7 20. Bg2 Bb5 21. Bc3 e4 22. Qb2 Qc7 23. Bd2 Bf6 24. Qc1 Qb6 25. Qa3 d4 26. exd4 Bxd4 27. Rb1 Bxf2+ 28. Kd1 Qd4 29. Qb2 Qd6 30. Rc1 e3 31. Rxc8 Rxc8 32. Bf1 Bxf1 33. Rxf1 Qd3 0-1

[Event "EU Amateur-ch"]
[Site "Ruzomberok"]
[Date "2016.06.07"]
[Round "3"]
[White "Milan, Lukas"]
[Black "Feco, Jan"]
[Result "0-1"]
[WhiteElo "1448"]
[BlackElo "1803"]
[PlyCount "78"]
[EventDate "2016.06.06"]
[EventType "swiss"]
[EventRounds "9"]
[EventCountry "SVK"]
[SourceTitle "CBM 172 Extra"]
[Source "ChessBase"]
[SourceDate "2016.06.21"]
[SourceVersion "1"]
[SourceVersionDate "2016.06.21"]
[SourceQuality "1"]

1. d4 Nf6 2. Nf3 d6 3. e3 g6 4. c4 Bg7 5. Nc3 c6 6. Be2 0-0 7. 0-0 Nbd7 8. Bd2 e5 9. dxe5 Nxe5 10. Nxe5 dxe5 11. Bf3 Bf5 12. e4 Be6 13. b3 Qc7 14. Bg5 Nd7 15. Qc2 f6 16. Be3 Rad8 17. Rfd1 b6 18. h3 f5 19. Bg5 Nf6 20. Bxf6 Bxf6 21. Qe2 Qg7 22. Rac1 f4 23. Bg4 Bf7 24. Rd7 h5 25. Be6 Rxd7 26. Bxd7 Be8 27. Be6+ Kh7 28. Rd1 Qe7 29. Bc8 Qc7 30. Be6 Be7 31. Qd2 Rf6 32. Bd5 Bb4 33. Nb5 Qe7 34. Nc3 Bxc3 35. Qxc3 cxd5 36. cxd5 Kh6 37. Qc8 Rd6 38. Qb8 Rd8 39. d6 Qd7 0-1

[Event "EU Amateur-ch"]
[Site "Ruzomberok"]
[Date "2016.06.06"]
[Round "1"]
[White "Milan, Lukas"]
[Black "Nahalka, Jan"]
[Result "0-1"]
[WhiteElo "1448"]
[BlackElo "1813"]
[PlyCount "74"]
[EventDate "2016.06.06"]
[EventType "swiss"]
[EventRounds "9"]
[EventCountry "SVK"]
[SourceTitle "CBM 172 Extra"]
[Source "ChessBase"]
[SourceDate "2016.06.21"]
[SourceVersion "1"]
[SourceVersionDate "2016.06.21"]
[SourceQuality "1"]

1. d4 d5 2. e3 Nf6 3. c4 e6 4. Nf3 c6 5. a3 Bd6 6. Nc3 Nbd7 7. cxd5 exd5 8. Be2 0-0 9. h3 Re8 10. Bd3 Ne4 11. Bxe4 dxe4 12. Nd2 f5 13. Nc4 Bc7 14. b4 Nb6 15. Nxb6 axb6 16. 0-0 Be6 17. f3 exf3 18. Qxf3 Qd6 19. Ne2 Bd5 20. Qf4 Qg6 21. Qf2 Bc4 22. Re1 Re4 23. Bd2 Rae8 24. Rac1 Ba6 25. Rc3 Bd6 26. Rb3 Bc4 27. Rc3 b5 28. Rcc1 h5 29. Rc2 h4 30. Bc1 Qf6 31. Rf1 Rf8 32. Re1 g5 33. Bb2 Bb8 34. d5 Qd6 35. dxc6 Qh2+ 36. Kf1 Bg3 37. Rxc4 Bxf2 0-1